Os sertoes: campanha de Canudos
Guardat en:
| Autor principal: | |
|---|---|
| Format: | Llibre |
| Idioma: | portuguès |
| Publicat: |
Río de Janeiro
Paulo de Azevedo
1963
|
| Edició: | 26a. ed |
| Matèries: | |
| Etiquetes: |
Afegir etiqueta
Sense etiquetes, Sigues el primer a etiquetar aquest registre!
|
MARC
| LEADER | 00000nam a2200000 a 4500 | ||
|---|---|---|---|
| 001 | UCU5745 | ||
| 003 | CL-VaPUC | ||
| 008 | 960614e19630000BL |||||||||||||||||por|d | ||
| 082 | 0 | 4 | |a 981 |b CUN |2 21 |
| 100 | 0 | |a Cunha, Euclides Rodríguez da |e author |9 363727 | |
| 245 | 1 | 0 | |a Os sertoes: campanha de Canudos |
| 250 | |a 26a. ed | ||
| 300 | |a v | ||
| 942 | |c BK | ||
| 945 | |d 19960614 00:00:00 |a rbrito | ||
| 260 | |a Río de Janeiro |b Paulo de Azevedo |c 1963 | ||
| 650 | 0 | |a Historia |9 255047 | |
| 651 | 0 | |a Brasil |9 267393 | |
| 583 | |a last modification |c 19960614 00:00:00 |k Rodrigo Vera | ||
| 999 | |c 248942 |d 248940 | ||
| 952 | |0 0 |1 0 |4 0 |6 981_000000000000000_CUN_1963 |7 0 |8 A |9 265897 |a BIBARQ |b BIBARQ |d 2019-11-19 |h v.2 |i 3208028 |o 981 CUN 1963 |p 3208028 |r 2025-01-20 |w 2019-11-19 |y BK |k ARQ | ||